Biblioteca y Centro de Documentación

Vista normal Vista MARC

Entrada Término de materia

Número de registros utilizados en: 2206

001 - NÚMERO DE CONTROL

  • Campo de control: 28327

003 - IDENTIFICADOR DE NÚMERO DE CONTROL

  • Campo de control: ES-MaCES

005 - FECHA Y HORA DE LA ULTIMA MODIFICACION

  • Campo de control: 19981120142300.0

008 - ELEMENTOS DE DATOS DE LONGITUD FIJA

  • Campo de longitud fija: 981120 | azznnbabn || ana d

035 ## - NÚMERO DE CONTROL DEL SISTEMA

  • Número de control del sistema: (ILOT)2980

035 ## - NÚMERO DE CONTROL DEL SISTEMA

  • Número de control del sistema: CES19980018098s

040 ## - FUENTE DE LA CATALOGACIÓN

  • Agencia original de catalogación: ES-MaCES
  • Idioma de catalogación: spa
  • Agencia de transcripción: ES-MaCES

072 #7 - CÓDIGO DE CATEGORIA DE MATERIA

  • Código de categoría temática: 13.03.1
  • Fuente del código: ilot

150 ## - ENCABEZAMIENTO--MATERIA

  • Término de materia o geográfico como elemento de entrada: condiciones de trabajo

550 ## - TRAZADO VEÁSE ADEMÁS--MATERIA

  • Término de materia o nombre geográfica como elemento de entrada: ambiente de trabajo

550 ## - TRAZADO VEÁSE ADEMÁS--MATERIA

  • Término de materia o nombre geográfica como elemento de entrada: norma del trabajo

550 ## - TRAZADO VEÁSE ADEMÁS--MATERIA

  • Término de materia o nombre geográfica como elemento de entrada: salud en el trabajo

550 ## - TRAZADO VEÁSE ADEMÁS--MATERIA

  • Término de materia o nombre geográfica como elemento de entrada: seguridad en el trabajo

550 ## - TRAZADO VEÁSE ADEMÁS--MATERIA

  • Subcampo de control: g
  • Término de materia o nombre geográfica como elemento de entrada: condiciones de vida

550 ## - TRAZADO VEÁSE ADEMÁS--MATERIA

  • Subcampo de control: h
  • Término de materia o nombre geográfica como elemento de entrada: condiciones difíciles de trabajo

750 #7 - ENTRADA DE ENLACE DE ENCABEZAMIENTO ESTABLECIDO--MATERIA

  • Término de materia o nombre geográfico como elemento de entrada: conditions de travail
  • Fuente del encabezamiento o término: tbit

750 #7 - ENTRADA DE ENLACE DE ENCABEZAMIENTO ESTABLECIDO--MATERIA

  • Término de materia o nombre geográfico como elemento de entrada: working conditions
  • Fuente del encabezamiento o término: ilot

901 ## - CES. DATOS SIRTEX

  • ID Sirtex (N5N8): 0007700001809
  • 005BIS Sirtex: 199811201423BATCH
© CES, Consejo Económico y Social de España 2021